| 000 | 00488nam a2200169Ia 4500 | ||
|---|---|---|---|
| 999 |
_c25971 _d25971 |
||
| 003 | OSt | ||
| 005 | 20201125151005.0 | ||
| 008 | 190216s9999||||xx |||||||||||||| ||und|| | ||
| 040 | _coclc | ||
| 082 |
_a920 _bPIL/O |
||
| 100 |
_aPillai, Thakazhi Shivashankara _9418 |
||
| 245 | 0 |
_aOrmayude Theerangalil / _c Thakazhi Shivashankara Pillai |
|
| 260 |
_bNbs , _aKottayam; _c1985. |
||
| 300 | _a336P | ||
| 650 | _aAthmakadha | ||
| 942 |
_cBK _2ddc _h920 _iPIL/O _k920 _mPIL/O |
||